000 00733nam a2200229 a 4500
001 BRCA_8062
005 20190320210120.0
008 010414s1964----mx-a###f##---#000-0#spa-#
041 _aspa
044 _amx
050 4 _aHG2714
_b.C54 2 1964
245 1 0 _a100 [i.e. Cien] años de Banca en México
_bprimer centenario del Banco de Londres y México S.A.
260 _aMéxico
_bBanco de México
_c1964
300 _a145 p.
_bil. (algunas a color)
_c28 cm.
500 _aForro impreso a color (el libro Y31 no tiene forro)
500 _aEjemplar igual a Y31
500 _aY74
650 1 4 _aCentenario
_vBanco de Londres y México
_919995
710 2 _aBanco de Londres y México, S.A.
_920033
902 _aGFM
942 _2lcc
_cB
999 _c7730
_d7730